El puesto del hombre en el cosmos

Guardat en:
Dades bibliogràfiques
Autor principal: Scheler, Max (Autor)
Format: Llibre
Idioma:espanyol
Publicat: Buenos Aires Losada 1938
Matèries:
Etiquetes: Afegir etiqueta
Sense etiquetes, Sigues el primer a etiquetar aquest registre!

MARC

LEADER 00000nam a2200000 a 4500
001 UCY8237
003 CL-VaPUC
008 950703e19380000AG |||||||||||||||||spa|d
082 0 4 |a 128  |b SCH  |2 21 
100 0 |a Scheler, Max  |e author  |9 311258 
245 1 3 |a El puesto del hombre en el cosmos 
300 |a 170 p 
942 |c BK 
945 |d 19950703 00:00:00  |a aalvarez 
260 |a Buenos Aires  |b Losada  |c 1938 
650 0 |a Antropología filosófica  |9 265842 
650 7 |a HOMBRE  |2 CL-VaPUC  |9 262149 
583 |a last modification  |c 20121023 01:34:23  |k Rodrigo Vera 
999 |c 235512  |d 235510 
952 |0 0  |1 0  |4 0  |6 128_000000000000000_SCH_1938  |7 0  |8 P  |9 242997  |a BIBEDU  |b BIBEDU  |c BIBEDU_PB  |d 2019-11-18  |i 3098400  |l 2  |o 128 SCH 1938  |p 3098400  |r 2024-01-25  |s 2020-11-27  |w 2019-11-18  |y BK  |k FIL